00770nam a2200181 a 450000100060000000300090000600800410001502000160005604000280007208200170010010000350011724501310015226000250028330000100030850502250031865000150054365000300055822945CO-ViMGA141112s2004 ck r 000 u spa d a84 97323777 aCO-ViMGAbspacCO-ViMGA04a658.8 T 737i1 aTrespalacios Gutièrrez, Juan10aInvestigaciòn de mercados : bMètodos de recogida y anàlisis de la informaciòn para la toma de decisiones en marketing aEspaña : bThomson a353p. aEl conocimiento y la informacion en las decisiones de marketing, Investigación de mercadeos, Metodos cualitativos de Investigación de mercados, Otros metodos de Investigación, Metodos cuantitativos, Analisis causal14aMARKETING 14aMERCADO - Investigación